00813nam a2200181Ia 4500003000900000008004100009020002600050040001600076100002900092245013400121260003200255300002000287490003300307856010300340942000700443999001700450952016400467IN-BaIIA211028s9999 xx s 000 0 eng d a9780819441737 (Print) cIIA Library aYin, Shizhuo, ed.932068 0aPhotorefractive Fiber and Crystal Devices: Materials, Optical Properties, and Applications VII, and Optical Data Storageh[eBook] aWashington, USAbSPIEc2002 aOnline resource aProceedings of SPIE; V. 4459 uhttps://www.spiedigitallibrary.org/conference-proceedings-of-spie/4459yClick Here to Access eBook cEB c31087d31087 00104070aBANbBANd2011-07-01eSPIEhV. 4459l0pEB10547r2021-11-05uhttps://www.spiedigitallibrary.org/conference-proceedings-of-spie/4459w2021-11-05yEB